| 000 | 00563nam a2200181 a 4500 | ||
|---|---|---|---|
| 001 | 14927 | ||
| 003 | CO-ViMGA | ||
| 008 | 141112s2004 ck r 000 u spa d | ||
| 040 |
_aCO-ViMGA _bspa _cCO-ViMGA |
||
| 082 | 0 | 4 | _a352.086 C656 |
| 110 |
_aISMAC _921655 |
||
| 245 | 1 | 0 |
_aLey 134 de 1994 : _bInstituciones y mecanismos de participación ciudadana |
| 260 |
_aBtá, _cIsmac, _c1994 |
||
| 300 | _a71.p. | ||
| 590 |
_aForma de adquisición : Donación - - Precio : _10.000 |
||
| 650 | 1 | 4 |
_aPARTICIPACION CIUDADANA - LEGISLACION - COLOMBIA _921656 |
| 942 |
_2ddc _cBK |
||
| 999 |
_c25388 _d25388 |
||